Từ điển hư từ : Hán ngữ cổ đại và hiện đại

Kaydedildi:
Detaylı Bibliyografya
Yazar: Trần, Văn Chánh
Materyal Türü: Kitap
Dil:Undetermined
Baskı/Yayın Bilgisi: Thành phố Hồ Chí Minh Trẻ 2002
Konular:
Etiketler: Etiketle
Etiket eklenmemiş, İlk siz ekleyin!
Thư viện lưu trữ: Trung tâm Học liệu Trường Đại học Cần Thơ
LEADER 00628nam a2200217Ia 4500
001 CTU_51493
008 210402s9999 xx 000 0 und d
020 |c 78000 
082 |a 495.13 
082 |b Ch107 
100 |a Trần, Văn Chánh 
245 0 |a Từ điển hư từ : 
245 0 |b Hán ngữ cổ đại và hiện đại 
245 0 |c Trần Văn Chánh 
260 |a Thành phố Hồ Chí Minh 
260 |b Trẻ 
260 |c 2002 
650 |a Chinese language 
650 |x Dictionaries 
904 |i Trúc sửa 
980 |a Trung tâm Học liệu Trường Đại học Cần Thơ